Odpovědnost za spekulaci podle československého socialistického trestního práva /

Main Author: Nezkusil, Jiří, 1928-2013
Language: Czech
Published: Praha : Československá akademie věd, 1965
Series: Rozpravy ČSAV. Řada společenských věd ; roč. 75, seš. 14
Physical Description: 76 s. ; 8°
Book
Saved in:
LEADER 00989nam a22002652a 4500
001 001347219
003 CZ BrMZK
005 20131120131307.0
007 ta
008 131120s1965 xr er|||||||||||cze d
015 |a cnb000488341 
040 |a ABA001  |b cze  |c KLG001  |d ABA001  |d BOA001 
080 9 |a 343.531(437)(094) 
100 1 |a Nezkusil, Jiří,  |d 1928-2013  |7 jk01090156  |4 aut 
245 1 0 |a Odpovědnost za spekulaci podle československého socialistického trestního práva /  |c Jiří Nezkusil 
260 |a Praha :  |b Československá akademie věd,  |c 1965 
300 |a 76 s. ;  |c 8° 
490 1 |a Rozpravy ČSAV. Řada společenských věd ;  |v roč. 75, seš. 14 
500 |a 800 výt. 
500 |a Pozn. a odkazy na lit. 
810 2 |a Československá akademie věd.  |t Rozpravy.  |p Řada společenských věd  |0 s 
910 |a BOA001  |b 2-0550.274 
990 |a BK 
991 |b 201311 
996 7 |b 2619032763  |c 2-0550.274  |l Sklad H1  |r Sklad / do 24 hodin  |n 0  |h HS212  |w 001382039  |u 000010  |a 1  |e BOA001  |j MZK50  |s A